Biological extinction in western Ecuador (Registro nro. 9833)

Detalles MARC
000 -CABECERA
Campo de control 005440000a22001810004500
090 ## - CLASIFICACIÓN LOCAL
Colección AR
Consecutivo 00742
041 0# - IDIOMA
Código de idioma para texto/pista de sonido o título separado
100 1# - ASIENTO PRINCIPAL--NOMBRE PERSONAL
Nombre personal Dodson, Calaway H.
245 10 - MENCION DE TITULO
Título Biological extinction in western Ecuador
650 14 - ASIENTO SECUNDARIO DE MATERIA - TERMINO TEMATICO
Término temático o nombre geográfico como elemento de entrada Deforestación
650 14 - ASIENTO SECUNDARIO DE MATERIA - TERMINO TEMATICO
Término temático o nombre geográfico como elemento de entrada Biodiversidad
650 14 - ASIENTO SECUNDARIO DE MATERIA - TERMINO TEMATICO
Término temático o nombre geográfico como elemento de entrada Patrones de diversidad florística
650 14 - ASIENTO SECUNDARIO DE MATERIA - TERMINO TEMATICO
Término temático o nombre geográfico como elemento de entrada Endemismo
651 #4 - ASIENTO SECUNDARIO DE MATERIA - NOMBRE GEOGRAFICO
-- Ecuador
700 1# - ASIENTO SECUNDARIO - NOMBRE PERSONAL
Nombre personal Gentry, Alwyn H.
773 1# - Item fuente:
Título Annals of the Missouri Botanical Garden
Especificación de materiales 157
Descripción física 2
Paginas del Articulo 273-295
Lugar, editorial y fecha de publicación 1991
Información sobre la relación 78
942 ## - ELEMENTOS ADICIONALES (KOHA)
Tipo de ítem Artículo
Existencias
Withdrawn status Lost status Damaged status No para préstamo Colección Ubicación Permanente Ubicación actual Fecha de adquisición Datos de publicación Seriada Total Checkouts Número topográfico Inventario / Código de Barras Date last seen Ejemplar Price effective from Forma de adquisición Tipo de material
      No para Préstamo Hemeroteca Bogotá Bogotá 27/02/2015 Fuera de circulación   AR 00742 011061 25/03/2015 1 25/03/2015   Artículo
      No para Préstamo Hemeroteca Bogotá Bogotá 27/02/2015 Fuera de circulación   AR 00742 011062 25/03/2015 2 25/03/2015   Artículo